[Event "Superettan(Rockaden,Umea-Manhem II)"]
[Site "?"]
[Date "2008.03.09"]
[Round "9"]
[White "Forsberg, Viktor"]
[Black "Fendrich, David"]
[Result "1-0"]
[WhiteElo "2307"]
[BlackElo "2300"]
[PlyCount "65"]

1. e4 c5 2. Nf3 e6 3. b3 d6 4. Bb5+ Nd7 5. O-O Ngf6 6. Re1 Be7 7. Bb2 O-O 8.
Bxd7 Nxd7 9. c4 a6 10. d4 cxd4 11. Nxd4 Qc7 12. Nc3 b6 13. Re3 Bb7 14. Rh3 Rfe8
15. Qh5 Nf8 16. Rd1 Bf6 17. Ba3 Rad8 18. Nde2 Rd7 19. Rhd3 Red8 20. Qf3 b5 21.
cxb5 d5 22. exd5 axb5 23. Ne4 Be5 24. Bxf8 Rxf8 25. dxe6 Rxd3 26. Qxd3 Qc6 27.
e7 Re8 28. Qd8 Bc7 29. Nd4 Bxd8 30. Nxc6 Bb6 31. Nd6 Bxc6 32. Nxe8 Bxe8 33. Rd8
1-0

[Event "Superettan(Rockaden,Umea-Manhem II)"]
[Site "?"]
[Date "2008.03.09"]
[Round "9"]
[White "Andersson, Goran"]
[Black "Lindgren, Fredrik"]
[Result "1/2-1/2"]
[WhiteElo "2190"]
[BlackElo "2282"]
[PlyCount "36"]

1. e4 c5 2. Nf3 Nc6 3. d4 cxd4 4. Nxd4 Nf6 5. Nc3 e6 6. g3 Bb4 7. Bg2 d5 8.
exd5 Nxd5 9. O-O O-O 10. Nxd5 exd5 11. c3 Ba5 12. Nb3 Be6 13. Nxa5 Qxa5 14. Bf4
Rfd8 15. Re1 d4 16. cxd4 Rxd4 17. Qe2 h6 18. a3 Rad8 1/2-1/2

[Event "Superettan(Rockaden,Umea-Manhem II)"]
[Site "?"]
[Date "2008.03.09"]
[Round "9"]
[White "Mardell, Jimmy"]
[Black "Bergre, Joachim"]
[Result "1/2-1/2"]
[WhiteElo "2141"]
[BlackElo "2128"]
[PlyCount "85"]

1. e4 d6 2. d4 g6 3. Nc3 Bg7 4. f4 a6 5. Nf3 b5 6. a4 b4 7. Na2 a5 8. Bc4 e6 9.
d5 exd5 10. Qxd5 Be6 11. Qxa8 Bxc4 12. Be3 Bxb2 13. Rb1 Bg7 14. Nc1 Ne7 15.
Qxa5 Nbc6 16. Qg5 h6 17. Qh4 Qa8 18. Nd2 Qxa4 19. Ncb3 Ba6 20. Kf2 f5 21. e5
Qb5 22. Rhe1 dxe5 23. Nc5 Bc8 24. c4 Qb8 25. Kg1 e4 26. Ndb3 Kf7 27. Qf2 Rd8
28. Red1 Rxd1+ 29. Rxd1 Qa8 30. Nd4 Nxd4 31. Bxd4 Nc6 32. Bxg7 Kxg7 33. Qb2+
Kf7 34. Qh8 Qa7 35. Qh7+ Kf6 36. Qh8+ Kf7 37. Qxc8 Qxc5+ 38. Kh1 Ne7 39. Qa6 b3
40. Qb5 Qe3 41. Rb1 Qxf4 42. Qxb3 Qe5 43. Re1 1/2-1/2

[Event "Superettan(Rockaden,Umea-Manhem II)"]
[Site "?"]
[Date "2008.03.09"]
[Round "9"]
[White "Eriksson, Mats"]
[Black "Larsson, Johan"]
[Result "1/2-1/2"]
[WhiteElo "2197"]
[BlackElo "2176"]
[PlyCount "83"]

1. e4 c6 2. d4 d5 3. exd5 cxd5 4. c4 Nf6 5. Nc3 Nc6 6. Nf3 g6 7. cxd5 Nxd5 8.
Bc4 Nb6 9. Bb3 Bg7 10. Be3 O-O 11. d5 Na5 12. Bd4 Bh6 13. O-O Bg4 14. h3 Bf5
15. Re1 Re8 16. Ne5 Rc8 17. Qf3 Nbc4 18. Bxc4 Nxc4 19. Nxc4 Rxc4 20. Bxa7 Rb4
21. Be3 Bg7 22. Re2 h5 23. Rc1 Qd7 24. Bc5 Rc4 25. b4 b6 26. Bxb6 Rxb4 27. Be3
Rc4 28. Nd1 Be4 29. Qf4 Bd3 30. Rxc4 Bxe2 31. Rc1 Qxd5 32. Nc3 Bxc3 33. Rxc3
Qxa2 34. Bd4 f6 35. Qe4 Kf7 36. Kh2 Ba6 37. Qe3 Qe6 38. Qxe6+ Kxe6 39. Bxf6
exf6 40. Rc6+ Kf7 41. Rxa6 Re7 42. h4 1/2-1/2

[Event "Superettan(Rockaden,Umea-Manhem II)"]
[Site "?"]
[Date "2008.03.09"]
[Round "9"]
[White "Nygren, David"]
[Black "Andersson, Kaj"]
[Result "1-0"]
[WhiteElo "2253"]
[BlackElo "2095"]
[PlyCount "105"]

1. e4 c5 2. c3 e6 3. d4 d5 4. exd5 Qxd5 5. Nf3 Nc6 6. Be2 Nf6 7. O-O Be7 8. c4
Qd8 9. dxc5 Qxd1 10. Rxd1 Bxc5 11. Nc3 Bd7 12. a3 O-O 13. b4 Be7 14. Bb2 Rfd8
15. Bd3 Be8 16. Ne2 Rac8 17. Bc3 Nd7 18. Be4 f5 19. Bxc6 Rxc6 20. Nfd4 Rxc4 21.
Nxe6 Rdc8 22. Nxg7 Re4 23. Ng3 Bf6 24. Bxf6 Nxf6 25. Nxe4 fxe4 26. Nxe8 Rxe8
27. Rac1 Re7 28. h3 Kf7 29. Rc3 Ke6 30. Rc5 Rg7 31. a4 Re7 32. a5 Rg7 33. b5
Re7 34. b6 axb6 35. axb6 Nd7 36. Rc7 Nxb6 37. Rxe7+ Kxe7 38. Rb1 Nd7 39. Rxb7
Ke6 40. Kf1 Nf6 41. Ke2 Ke5 42. Rf7 Ke6 43. Rxf6+ Kxf6 44. Ke3 Kf5 45. g4+ Kg5
46. Kxe4 Kh4 47. f4 Kxh3 48. f5 Kxg4 49. f6 h5 50. f7 h4 51. f8=Q Kg3 52. Qf4+
Kh3 53. Qg5 1-0

[Event "Superettan(Rockaden,Umea-Manhem II)"]
[Site "?"]
[Date "2008.03.09"]
[Round "9"]
[White "Lundstrom, Mattias"]
[Black "Hellstrom, Magnus"]
[Result "1/2-1/2"]
[WhiteElo "2042"]
[BlackElo "2091"]
[PlyCount "75"]

1. e4 c5 2. Nf3 Nc6 3. d4 cxd4 4. Nxd4 Nf6 5. Nc3 e6 6. Ndb5 d6 7. Bf4 e5 8.
Bg5 a6 9. Na3 b5 10. Nd5 Be7 11. Bxf6 Bxf6 12. c3 O-O 13. Nc2 Rb8 14. Bd3 Be6
15. Nce3 g6 16. Nxf6+ Qxf6 17. a4 bxa4 18. Qxa4 Rxb2 19. O-O Rb6 20. Rab1 Rfb8
21. Rxb6 Rxb6 22. Bxa6 Ne7 23. Bc4 Bxc4 24. Qxc4 Qe6 25. Rd1 Rc6 26. Qd3 Qb3
27. c4 Qxd3 28. Rxd3 f5 29. f3 Kf7 30. Ra3 Rc7 31. Nd5 Nxd5 32. cxd5 fxe4 33.
fxe4 Rc4 34. Re3 Kf6 35. Kf2 Kg5 36. Kg3 h6 37. h4+ Kf6 38. Kg4 1/2-1/2

[Event "Superettan(Rockaden,Umea-Manhem II)"]
[Site "?"]
[Date "2008.03.09"]
[Round "9"]
[White "Hammar, Ulf"]
[Black "Aaltonen, Kristian"]
[Result "1-0"]
[WhiteElo "2098"]
[BlackElo "1967"]
[PlyCount "79"]

1. d4 Nf6 2. Bg5 g6 3. Bxf6 exf6 4. g3 Bg7 5. Bg2 f5 6. e3 O-O 7. Ne2 d6 8. O-O
Nd7 9. c4 c6 10. Nbc3 Re8 11. Qd3 Nf6 12. b4 Bd7 13. b5 Qc7 14. Rab1 Rab8 15.
Rb3 c5 16. Nf4 Be6 17. Ncd5 Bxd5 18. Nxd5 Nxd5 19. Bxd5 cxd4 20. exd4 Re7 21.
b6 axb6 22. Rfb1 Ra8 23. Rxb6 Re1+ 24. Kg2 Rxb1 25. Qxb1 Ra7 26. Qb2 Rxa2 27.
Qxa2 Qxb6 28. Bxf7+ Kf8 29. Bd5 Bf6 30. Qe2 Qxd4 31. Qe6 Kg7 32. Qxd6 Kh6 33.
Qf8+ Bg7 34. Qa3 b6 35. Qc1+ g5 36. h4 Bf6 37. Bf3 f4 38. hxg5+ Bxg5 39. Qh1+
Kg7 40. Qh5 1-0